000 00818nam a2200241 a 4500
001 BRL_1959
005 20190320211442.0
008 211216s2012----mx-o######---#000-0#spa-#
041 _aspa
050 4 _bG37 2012
100 1 _aGarcía Puertos, Isaac Moisés
_928314
245 1 0 _aLas cuadrillas de mal aire
_bestudio de la enfermedad a través del barro.
260 _aMéxico, D.F.
_c2012
300 _a159 p.
_bil., fotografías
_c27 cm.
500 _aAu1252
502 _aTesis Licenciatura (Licenciado en Antropología Física) ENAH, INAH, SEP
650 1 4 _aInfecciones respiratorias
_928315
650 1 4 _aAparato respiratorio
_xenfermedades
_924789
700 1 _aBarragán Solís, Anabella
_eDirectora
_928316
700 1 _aArganis Juárez, Elia Nora
_easesora
_928317
902 _aTERL
942 _2lcc
_cTES
999 _c10766
_d10766